| 000 | 01061nam a2200289 i 4500 | ||
|---|---|---|---|
| 001 | bg | ||
| 100 | 1 | _aGRZYWACZ, Agnieszka | |
| 245 | 1 | 0 |
_aNajem lokalu użytkowego / _cAgnieszka Grzywacz, Marek Porzycki, Michał Rusinek. |
| 260 |
_aWarszawa : _bWydaw. Prawnicze "LexisNexis" : _bPolsko-Niemieckie Centrum Prawa Bankowego, _c2004. |
||
| 300 |
_a203, [1] s. ; _c21 cm. |
||
| 490 | 1 | _aKlauzule Umowne w Obrocie Gospodarczym | |
| 504 | _aBibliogr. s. 202-203. | ||
| 650 | 9 |
_aNajem _xprawo _zPolska _ystan na 2004 r. |
|
| 650 | 9 |
_aPrawo lokalowe _zPolska _ystan na 2004 r. |
|
| 655 | _aPoradniki | ||
| 700 | 1 | _aPORZYCKI, Marek | |
| 700 | 1 | _aRUSINEK, Michał | |
| 830 | _aKlauzule Umowne w Obrocie Gospodarczym | ||
| 020 | _a8373342680 ("LexisNexis") | ||
| 040 | _cBPK | ||
| 041 | 0 | _apol | |
| 080 | _a349.444:347.45/.46](438) | ||
| 920 | _a83-7334-268-0 ("LexisNexis") | ||
| 942 | _cKS | ||
| 008 | s pl f |000 0 pol | ||
| 999 |
_c44144 _d44144 |
||
| 856 |
_uhttp://koha.tu.koszalin.pl/cgi-bin/koha/opac-detail.pl?biblionumber=44144 _yKatalog online BPK |
||